000 00383nam a2200145Ia 4500
008 220217s9999||||xx |||||||||||||| ||und||
020 _a9788131713884
082 _a004.33 BEN
100 _aBennett, Stuart
245 0 _aReal Time Computer Control
250 _a2nd
260 _aPearson education asia
_bNew Delhi
_c1994
300 _b399
650 _aCOMPUTER ARCHITECTURE
999 _c179954
_d179954